| 000 | 00000nam##2200000za#4500 |
| 001 | 9.643590 |
| 003 | CaOODSP |
| 005 | 20210624224234 |
| 007 | cr ||||||||||| |
| 008 | 150407|2002||||xxc|||||o f|0| 0 fre|d |
| 040 | |aCaOODSP|bfre |
| 043 | |an-cn--- |
| 086 | 1 |aH46-2/02-275F-PDF |
| 110 | 1 |aCanada. |bSanté Canada. |
| 245 | 10|aSécurité en tête : |h[ressource électronique]|blisez l'étiquette |
| 260 | |aOttawa - Ontario : |bSanté Canada |cc2002. |
| 300 | |a2p.|bill. en couleur, figures (certaines en couleur) |
| 500 | |aLe n° de catalogue (H46-2/02-275F) et l'ISBN (0-662-86932-X) de l'édition imprimée ont été incorrectement copiés dans l'édition électronique. |
| 590 | |a14-14-Supp|b2014-07-24 |
| 691 | 07|aSécurité de l'enfant|2gcpds |
| 691 | 07|aSubstance chimique|2gcpds |
| 775 | 08|tAim for safety : |w(CaOODSP)9.699611 |
| 856 | 40|ahttp://publications.gc.ca|qPDF|s345 Ko|uhttps://publications.gc.ca/collections/collection_2014/sc-hc/H46-2-02-275-fra.pdf |